<?xml version="1.0" encoding="UTF-8"?>
<record
    xmlns:xsi="http://www.w3.org/2001/XMLSchema-instance"
    xsi:schemaLocation="http://www.loc.gov/MARC21/slim http://www.loc.gov/standards/marcxml/schema/MARC21slim.xsd"
    xmlns="http://www.loc.gov/MARC21/slim">

  <leader>00944nam a22002657a 4500</leader>
  <datafield tag="999" ind1=" " ind2=" ">
    <subfield code="c">511</subfield>
    <subfield code="d">511</subfield>
  </datafield>
  <controlfield tag="005">20251027105647.0</controlfield>
  <controlfield tag="008">230720b           ||||| |||| 00| 0 eng d</controlfield>
  <datafield tag="020" ind1=" " ind2=" ">
    <subfield code="a">978-0-367-02283-9</subfield>
  </datafield>
  <datafield tag="040" ind1=" " ind2=" ">
    <subfield code="c">NMSCST</subfield>
  </datafield>
  <datafield tag="082" ind1=" " ind2=" ">
    <subfield code="a">Grad 001.433 </subfield>
    <subfield code="b">H919 2020</subfield>
  </datafield>
  <datafield tag="100" ind1=" " ind2=" ">
    <subfield code="a">Steve Humble</subfield>
  </datafield>
  <datafield tag="245" ind1=" " ind2=" ">
    <subfield code="a">Quantitative analysis of questionnaires : </subfield>
    <subfield code="b">techniques to explore structures and relationships /</subfield>
    <subfield code="c">Humble, Steve</subfield>
  </datafield>
  <datafield tag="260" ind1=" " ind2=" ">
    <subfield code="a">London :</subfield>
    <subfield code="b">Routledge, </subfield>
    <subfield code="c">c2020.</subfield>
  </datafield>
  <datafield tag="300" ind1=" " ind2=" ">
    <subfield code="a">xiv, 215 pages :</subfield>
    <subfield code="b">illustrations.</subfield>
  </datafield>
  <datafield tag="500" ind1=" " ind2=" ">
    <subfield code="a">Includes bibliography and index.</subfield>
  </datafield>
  <datafield tag="650" ind1=" " ind2=" ">
    <subfield code="a">Social sciences--Research--Statistical methods</subfield>
  </datafield>
  <datafield tag="650" ind1=" " ind2=" ">
    <subfield code="a">Statistics--Computer programs</subfield>
  </datafield>
  <datafield tag="650" ind1=" " ind2=" ">
    <subfield code="a">SPSS (Computer file)</subfield>
  </datafield>
  <datafield tag="650" ind1=" " ind2=" ">
    <subfield code="a">Statistics</subfield>
  </datafield>
  <datafield tag="650" ind1=" " ind2=" ">
    <subfield code="a">Sampling (Statistics)--Evaluation</subfield>
  </datafield>
  <datafield tag="650" ind1=" " ind2=" ">
    <subfield code="a">Questionnaires--Design</subfield>
  </datafield>
  <datafield tag="650" ind1=" " ind2=" ">
    <subfield code="a">Social sciences--Statistical methods--Computer programs</subfield>
  </datafield>
  <datafield tag="650" ind1=" " ind2=" ">
    <subfield code="a">Social sciences--Statistical methods</subfield>
  </datafield>
  <datafield tag="942" ind1=" " ind2=" ">
    <subfield code="2">ddc</subfield>
    <subfield code="c">CIR</subfield>
  </datafield>
  <datafield tag="952" ind1=" " ind2=" ">
    <subfield code="0">0</subfield>
    <subfield code="1">0</subfield>
    <subfield code="2">ddc</subfield>
    <subfield code="4">0</subfield>
    <subfield code="7">0</subfield>
    <subfield code="8">NFIC</subfield>
    <subfield code="a">GL</subfield>
    <subfield code="b">GL</subfield>
    <subfield code="c">CIR</subfield>
    <subfield code="d">2023-07-20</subfield>
    <subfield code="e">Purchased (MegaTexts Phil. Inc.)</subfield>
    <subfield code="h">10393</subfield>
    <subfield code="l">0</subfield>
    <subfield code="o">Grad 001.433  H919 2020</subfield>
    <subfield code="p">10393</subfield>
    <subfield code="r">2023-07-20</subfield>
    <subfield code="w">2023-07-20</subfield>
    <subfield code="y">CIR</subfield>
  </datafield>
</record>
